Living condition of Relocatees in Southville 10, Tanay, Rizal Governing policies, operations and concerns / (Record no. 17293)

MARC details
000 -LEADER
fixed length control field 01878nam a22002537i 4500
003 - CONTROL NUMBER IDENTIFIER
control field URS
050 14 - LIBRARY OF CONGRESS CALL NUMBER
Classification number HD 7287.96.P6
Item number R143 2019
005 - DATE AND TIME OF LATEST TRANSACTION
control field 20220117151251.0
008 - FIXED-LENGTH DATA ELEMENTS--GENERAL INFORMATION
fixed length control field 190924b ||||| |||| 00| 0 eng d
100 ## - MAIN ENTRY--PERSONAL NAME
Personal name Rambuyon, Josephine L,
Relator term author
260 ## - PUBLICATION, DISTRIBUTION, ETC.
Date of publication, distribution, etc. 2019
245 10 - TITLE STATEMENT
Title Living condition of Relocatees in Southville 10, Tanay, Rizal Governing policies, operations and concerns /
Statement of responsibility, etc. Josephine L. Rambuyon
300 ## - PHYSICAL DESCRIPTION
Extent xvii,173 leaves
Dimensions 28 cm
336 ## - CONTENT TYPE
Source rdacontent
Content type term text
337 ## - MEDIA TYPE
Source rdamedia
Media type term unmediated
338 ## - CARRIER TYPE
Source rdacarrier
Carrier type term volume
502 ## - DISSERTATION NOTE
Dissertation note Thesis
Degree type Masters in Public Administration
Name of granting institution University of Rizal System Pililla
Year degree granted 2019
504 ## - BIBLIOGRAPHY, ETC. NOTE
Bibliography, etc. note Includes bibliography
520 ## - SUMMARY, ETC.
Summary, etc. This study sought to determine the living conditions of relocatees in Southville 10, Tanay, Rizal in the aspects of their housing conditions, provision for alternative occupation, accessibility to job locations and basic social services, and security and the perceived extent of implementation of the resettlement programs with respect to its governing policies and operations including concerns encountered by the respondents. To determine the profile and living conditions of the respondents frequency and percentage distribution was used while to discern the perceived extent of implementation of the resettlement programs, mean and standard deviation were employed. furthermore, in order to recognize the hypothesis that there is no significant difference between the profile and the the perceived extent of implementation, f-test or one-way analysis of variance (ANOVA) was employed. the concerns of the respondents were summarized and ranked according to frequency to identify what worries the relocatees the most.
650 #0 - SUBJECT ADDED ENTRY--TOPICAL TERM
Topical term or geographic name entry element Relocation (Housing)
650 #0 - SUBJECT ADDED ENTRY--TOPICAL TERM
Topical term or geographic name entry element Squatter settlements
700 1# - ADDED ENTRY--PERSONAL NAME
Personal name Parica, Ronnie N.
Relator term degree supervisor
942 ## - ADDED ENTRY ELEMENTS (KOHA)
Source of classification or shelving scheme Library of Congress Classification
Koha item type Theses and dissertations
Holdings
Withdrawn status Source of classification or shelving scheme Damaged status Not for loan Home library Current library Shelving location Date acquired Total Checkouts Full call number Barcode Date last seen Price effective from Koha item type
  Library of Congress Classification     Tanay College Library Tanay College Library Graduate School Theses & Dissertations 09/24/2019   HD 7287.96.P6 R143 2019 URSTAN-GST75 09/24/2019 09/24/2019 Theses and dissertations

University of Rizal System
Email us at univlibservices@urs.edu.ph

Visit our Website www.urs.edu.ph/library